| 000 | 01213nam a2200301 4500 | ||
|---|---|---|---|
| 003 | EC-UNACH | ||
| 005 | 20251016135507.0 | ||
| 006 | s||||gr|||| 00| 00 | ||
| 008 | 150116t9999 mx r gr 000 0 spa d | ||
| 020 | _a978-970-26-1568-2 | ||
| 040 |
_aEC-UNACH _cEC-UNACH |
||
| 041 | _aspa | ||
| 082 | 0 | 4 |
_223 _a658.408 _bL007534 |
| 110 | _aPearson prentice hall | ||
| 245 | _aHacia la cultura de responsabilidad social | ||
| 250 | _aPrimera edición | ||
| 264 |
_aMexico _bPearson prentice hall _c2008 |
||
| 300 | _a192 | ||
| 505 | _aUnidad 1- Responsabilidad social empresarial Unidad 2-Ética y responsabilidad social Unidad 3- Talento humano , responsabilidad social y estrategia Unidad 4- El balance social Unidad 5- Ética sustentable dentro de la visión gerencial Unidad 6- La comunicación como fundamento de la responsabilidad social Unidad 7- Otros aspectos de la responsabilidad social. | ||
| 650 | _aDefinición , origen y evolución | ||
| 650 | _aCompetitividad | ||
| 650 | _aResponsabilidad concurrente | ||
| 700 | _aCira Pelekais / René Aguirre | ||
| 942 |
_2ddc _c1 |
||
| 999 | _c14021 | ||